000 00879nam a22003255b 4500
001 00395
003 DO-SdBNP
005 20240123094043.0
007 00395
008 940223s1993 sp ||| ||spa
017 _a
_b
020 _a8422647680
035 _a
040 _aBPMSU
_bspa
_cBPMSU
_e
080 0 _a
082 _a863.6
_bM778b 1993
_222
100 1 _aMontero, Rosa
_d1951-
245 1 0 _aBella y oscura /
_cRosa Montero
_h
250 _a
260 _aBarcelona :
_bCírculo de Lectores,
_c1993
300 _a221 p. ;
_c22 cm
490 0 _aCírculo de Lectores,
500 _aIncluye datos biográficos del autor en las solapa del chaleco
590 _aInventariado, 2024/VM
650 4 _aNovela española
650 4 _aEnanos
_vNovela
650 4 _aLiteratura española
910 _aVMateo V. Control de calidad. BPMSU
942 _2ddc
_cBK
999 _c10892
_d10892